Welcome to the Holygrace Academy Library

Please use search bar below to get started

SECONDARY MATHEMATICS (Record no. 753)

MARC details
000 -LEADER
fixed length control field 00360nam a22001337a 4500
020 ## - INTERNATIONAL STANDARD BOOK NUMBER
ISBN 978-81-7855-536-2
082 ## - DEWEY DECIMAL CLASSIFICATION NUMBER
Classification number 510
Item number SAR/S
100 ## - MAIN ENTRY--AUTHOR NAME
Personal name C.S.SARNA, R.G.GUPTA, P.K.GARG
245 ## - TITLE STATEMENT
Title SECONDARY MATHEMATICS
Remainder of title FIRST AND SECOND TERM OF CLASS X
260 ## - PUBLICATION, DISTRIBUTION, ETC. (IMPRINT)
Place of publication DELHI
Name of publisher ARYA PUBLICATIOBNS
Year of publication 2010
300 ## - PHYSICAL DESCRIPTION
Number of Pages 264
650 ## - SUBJECT ADDED ENTRY--TOPICAL TERM
Topical Term MATHS FOR CLASS X
Geographic subdivision INDIA
942 ## - ADDED ENTRY ELEMENTS (KOHA)
Koha item type Books
Holdings
Withdrawn status Lost status Collection code Home library Current library Shelving location Date acquired Source of acquisition Cost, normal purchase price Full call number Accession Number Koha item type
    Reference Main Library Main Library SHELF-8 B CLASS X-MATHS 28/04/2011 purchase 240.00 510 SAR/S 05772 Books